Depeche Mode UK Top 10 Singles - Statistics

General Stats
  • This quiz has been taken 192 times
  • The average score is 9 of 14
Answer Stats
Hint Answer % Correct
1990 Enjoy the silence
95%
2004 Enjoy the silence 04
95%
1981 Just can't get enough
89%
1984 People are people
76%
1983 Everything counts
71%
1984 Master and servant
70%
1993 I feel you
61%
1982 See you
61%
1997 Barrel of a gun
59%
1997 It's no good
51%
2005 Precious
50%
2001 Dream on
46%
1994 In your room
42%
1993 Condemnation
41%
No matching quizzes found
Score Distribution
Percent of People with Each Score
Percentile by Number Answered
Your Score History
You have not taken this quiz